Ecotourism : (Record no. 31853)

000 -LEADER
fixed length control field 00607nam a22001937a 4500
008 - FIXED-LENGTH DATA ELEMENTS--GENERAL INFORMATION
fixed length control field 231012b |||||||| |||| 00| 0 eng d
020 ## - INTERNATIONAL STANDARD BOOK NUMBER
International Standard Book Number 9780750662499
050 ## - LIBRARY OF CONGRESS CALL NUMBER
Classification number G 156.5E26 .W43 2009
100 ## - MAIN ENTRY--PERSONAL NAME
Personal name Wearing, Stephen
245 ## - TITLE STATEMENT
Title Ecotourism :
Remainder of title impacts, potentials, and possibilities
Statement of responsibility, etc. Stephen, Wearing
250 ## - EDITION STATEMENT
Edition statement 2nd ed.
260 ## - PUBLICATION, DISTRIBUTION, ETC. (IMPRINT)
Place of publication, distribution, etc. UK:
Name of publisher, distributor, etc. Elsevier,
Date of publication, distribution, etc. 2009.
300 ## - PHYSICAL DESCRIPTION
Extent xvii, 303p. :
Other physical details ill. ;
Dimensions 22cm
500 ## - GENERAL NOTE
General note includes bibliographical references and index.
650 ## - SUBJECT ADDED ENTRY--TOPICAL TERM
Topical term or geographic name as entry element ecotourism
700 ## - ADDED ENTRY--PERSONAL NAME
Personal name John
700 ## - ADDED ENTRY--PERSONAL NAME
Personal name Nail
942 ## - ADDED ENTRY ELEMENTS (KOHA)
Source of classification or shelving scheme
Koha item type Hard Covered Materials
Classification part G 156.5E26 .W43 2009
Holdings
Withdrawn status Lost status Source of classification or shelving scheme Damaged status Not for loan Home library Current library Shelving location Date acquired Source of acquisition Total Checkouts Full call number Barcode Date last seen Date last checked out Price effective from Koha item type
          MACHAKOS UNIVERSITY LIBRARY MACHAKOS UNIVERSITY LIBRARY Open shelf 12/10/2023 falcon 2 G 156.5E26 .W43 2009 39743 13/03/2026 26/02/2026 12/10/2023 Hard Covered Materials
© Machakos University Library, Along The Highway, Machakos Wote Rd, Machakos, Kenya P.O. Box 136 - 90100 Machakos - Kenya

Tel: ( +254 ) 723 805829 OR Fax : 044-20353 OR Email: library@mksu.ac.ke